Online Catalogue and eLibrary

A woman without a country (Record no. 2429)

MARC details
000 -LEADER
fixed length control field 00216nam a2200097Ia 4500
008 - FIXED-LENGTH DATA ELEMENTS--GENERAL INFORMATION
fixed length control field 240331s9999 xx 000 0 und d
082 ## - DDC Classification
Item Number - Author Mark GOL
100 ## - MAIN ENTRY--PERSONAL NAME
Personal name Goldman, Emma
245 #2 - TITLE STATEMENT
Title A woman without a country
942 ## - Koha item type (Biblio)
Koha item type Books in Stacks (Lending)

No items available.

© WERC Library